000 01288nam a2200265 a 4500
001 000028719
005 20250310102022.0
008 110411s2010 dr 000 0 spa d
020 _a9789945472059
040 _aDO-SdBNP
_bspa
_cBNPHU
082 _a378.125
_bI59m
110 2 _aInstituto Tecnológico de Santo Domingo
_978911
245 1 0 _aModelo de aprendizaje-enseñanza :
_bMAE INTEC /
_cpresentación Leandra Tapia.
260 _aSanto Domingo :
_bINTEC ,
_c2010.
300 _a74 p. ;
_c18 cm.
505 0 _aPresentación /
_rLeandra Tapia --
_tEl modelo educativo de INTEC --
_tJustificación del Modelo de Aprendizaje-Enseñanza MAE INTEC --
_tLíneas orientadoras del Modelo --
_tComponentes del Modelo --
_tEstrategías de aprendizaje y enseñanza --
_tRecursos y medios --
_tEvaluación de los aprendizajes --
_tGestión de la docencia --
_tDesarrollo y sostenibilidad del Modelo de Aprendizaje-Enseñanza MAE INTEC.
590 _aInventariado, 2018/MFF
650 4 _aAprendizaje activo
_xModelos
_910346
650 4 _aCompetencia en educación
_910347
650 4 _aModelos de enseñanza
_910348
650 4 _aMétodos de enseñanza
_92196
650 4 _aUniversidades
_zRepública Dominicana
_9729
700 2 _aTapia, Leandra,
_955710
910 _aValidado. Control de calidad EMS
999 _c28211
_d28211